LEADER 01244nam a2200217 i 4500 001 000000049793 003 CaOOAMICUS 005 20121212000000.0 008 121212s1900 xx u000 u lat u 013 $a20964 040 $aSeMil$bita 245 10$aEnchiridion morale :$bcomplectens selectas decisiones Sanctae Sedis et Sacrarum Romanarum Congregationum, quae professoribus theologiae moralis et confessariis magis usui esse possunt /$cedidit Januarius Bucceroni. 250 $a3. ed. recentioribus aucta decretis. 260 $aRomae :$bEx typographia della Pace Philippi Cuggiani,$c1900. 300 $a518 p. ;$c24 cm. 650 4$aTeologia morale - Enciclopedie e dizionari.$0(OLS)http://semarc/subject/1165 700 1 $aBucceroni, Gennaro .$0(OLS)http://semarc/name/89958 850 $aSeMil 852 $aSeMil$W1$xVenegono$y1$m2E III 58 FA$j15948$B15948$CSeMilBibl$Z2$F15948 $8I 996 $6245$aEnchiridion morale :$bcomplectens selectas decisiones Sanctae Sedis et Sacrarum Romanarum Congregationum, quae professoribus theologiae moralis et confessariis magis usui esse possunt$9(OLS)http://semarc/title/75858 996 $6260$aRomae :$bEx typographia della Pace Philippi Cuggiani$9(OLS)http://semarc/publisher/41155 LEADER 01031nam a2200241 i 4500 001 000000068817 003 CaOOAMICUS 005 20100810000000.0 008 100810s1926 it u000 u ita u 013 $a39989 040 $aSeMil$bita 100 1 $aSpaventa, Silvio,$d<1822-1893>.$0(OLS)http://semarc/name/34373 245 10$aLettere politiche (1861-1893) /$cSilvio Spaventa ; edite da G. Castellano. 260 $aBari :$bLaterza,$c1926. 300 $a184 p. ;$c21 cm. 490 0 $aBiblioteca di cultura moderna ;$v133 650 4$aSpaventa, Silvio <1822-1893> - Lettere e carteggi.$0(OLS)http://semarc/subject/13600 700 1 $aCastellano, Giovanni.$0(OLS)http://semarc/name/34374 830 0$aBiblioteca di cultura moderna ;$v133.$0(OLS)http://semarc/title/639 850 $aSeMil 852 $aSeMil$W1$xVenegono$y1$m3U II 636$j258703$B34970$CSeMilBibl$Z2$F34973 $81 996 $6245$aLettere politiche (1861-1893)$9(OLS)http://semarc/title/110028 996 $6260$aBari :$bLaterza$9(OLS)http://semarc/publisher/29858